A textbook of Molecular Genetics (Record no. 16907)
[ view plain ]
| 000 -LEADER | |
|---|---|
| fixed length control field | 00263nam a22001097a 4500 |
| 008 - FIXED-LENGTH DATA ELEMENTS--GENERAL INFORMATION | |
| fixed length control field | 140206t xxu||||| |||| 00| 0 eng d |
| 020 ## - INTERNATIONAL STANDARD BOOK NUMBER | |
| International Standard Book Number | 978-81-8030-209-1 |
| 100 ## - MAIN ENTRY--PERSONAL NAME | |
| Personal name | S.K. Singh |
| 9 (RLIN) | 645 |
| 245 ## - TITLE STATEMENT | |
| Title | A textbook of Molecular Genetics |
| 300 4# - PHYSICAL DESCRIPTION | |
| Extent | 419 |
| 942 ## - ADDED ENTRY ELEMENTS (KOHA) | |
| Source of classification or shelving scheme | |
| Koha item type | Book |
| Withdrawn status | Lost status | Source of classification or shelving scheme | Damaged status | Not for loan | Collection code | Permanent Location | Current Location | Date acquired | Total Checkouts | Full call number | Barcode | Date last seen | Date last checked out | Price effective from | Koha item type |
|---|---|---|---|---|---|---|---|---|---|---|---|---|---|---|---|
| Central Library (CL) | Central Library (CL) | 02/06/2014 | 1 | 572.8 SIN | ASAB1613 | 01/17/2022 | 02/10/2015 | 02/06/2014 | Book |
